01207nam a2200325 a 4500001001100000003000800011006001900019007001500038008004100053010001700094015001500111016001900126020001500145020003400160040002100194035002100215050002400236082001800260100002300278245008300301260003700384300001500421504005100436533015200487610005600639655002900695710001700724856012500741999001500866ebr5001668CaPaEBRm u cr cn|||||||||001127s2000 enk sb 001 0 eng  z 99086157  aGBA0-729277 a03336912612Uk z0333691261 z0312233329(St.Martin's Press) aCaPaEBRcCaPaEBR a(OCoLC)55939310214aDT1945b.C44 2000eb04a306.209682211 aChristie, Kenneth.14aThe South African Truth Commissionh[electronic resource] /cKenneth Christie. aBasingstoke :bMacmillan,c2000. axi, 215 p. aIncludes bibliographical references and index. aElectronic reproduction.bPalo Alto, Calif. :cebrary,d2013.nAvailable via World Wide Web.nAccess may be limited to ebrary affiliated libraries.10aSouth Africa.bTruth and Reconciliation Commission. 7aElectronic books.2local2 aebrary, Inc.40uhttp://site.ebrary.com/lib/rucke/Doc?id=5001668zAn electronic book accessible through the World Wide Web; click to view c1276d1276